Labour force Survey in Poland (Quartalspublikation) (Record no. 6625)
[ view plain ]
| 000 -LEADER | |
|---|---|
| fixed length control field | 00663nam a22002057i 4500 |
| 001 - CONTROL NUMBER | |
| control field | 7819 |
| 003 - CONTROL NUMBER IDENTIFIER | |
| control field | OSt |
| 005 - DATE AND TIME OF LATEST TRANSACTION | |
| control field | 20170126082404.0 |
| 007 - PHYSICAL DESCRIPTION FIXED FIELD--GENERAL INFORMATION | |
| fixed length control field | tu |
| 008 - FIXED-LENGTH DATA ELEMENTS--GENERAL INFORMATION | |
| fixed length control field | 161220s xxu||||| |||| 00| 0 d |
| 024 7# - OTHER STANDARD IDENTIFIER | |
| Standard number or code | 7819 |
| Source of number or code | RID |
| 040 ## - CATALOGING SOURCE | |
| Transcribing agency | OSt |
| 110 2# - MAIN ENTRY--CORPORATE NAME | |
| Corporate name or jurisdiction name as entry element | Central Statistical Office |
| 245 00 - TITLE STATEMENT | |
| Title | Labour force Survey in Poland (Quartalspublikation) |
| 260 ## - PUBLICATION, DISTRIBUTION, ETC. | |
| Place of publication, distribution, etc. | Poland. |
| 490 ## - SERIES STATEMENT | |
| Series statement | Labour force Survey in Poland (Quartalspublikation) |
| 651 ## - SUBJECT ADDED ENTRY--GEOGRAPHIC NAME | |
| Geographic name | Poland |
| 866 #0 - TEXTUAL HOLDINGS--BASIC BIBLIOGRAPHIC UNIT | |
| -- | 1997/Q2-1998/Q4, 2000, 2002/Q1-2009/Q3 |
| 866 #0 - TEXTUAL HOLDINGS--BASIC BIBLIOGRAPHIC UNIT | |
| -- | <br><br>vorhanden:<br>1997/ Q2-4<br>1998/ Q2-4<br>2000/ Q1-4<br>2002/ Q1-4<br>2003/ Q1-4<br>2004/ Q1-4<br>2005/ Q3-4<br>2006/ Q1-4<br>2007/ Q1-4 |
| 942 ## - ADDED ENTRY ELEMENTS (KOHA) | |
| Koha item type | Statistics |
| Withdrawn status | Lost status | Damaged status | Not for loan | Home library | Current library | Shelving location | Date acquired | Inventory number | Total Checkouts | Barcode | Date last seen | Price effective from | Koha item type |
|---|---|---|---|---|---|---|---|---|---|---|---|---|---|
| WIIW | WIIW | Library | 08/13/2008 | 7819 | 10003754 | 01/26/2017 | 01/26/2017 | Statistics |
